000 02600nam a22003737a 4500
007 cr
008 250729e20241220ag |||||oz||| 00| 0 spa d
020 _a9786319081541
040 _cAR-FvUNAJ
_dAR-FvUNAJ
_eaacr2
041 _aspa
100 1 _921680
_aMachado Busani, Federico
245 1 0 _aHerramientas para la gestión hospitalaria :
_bArgentina y el mundo. El caso del Hospital Posadas /
_cComp. Narodowski, Patricio y Machado Busani, Federico
260 _aFlorencio Varela :
_bUniversidad Nacional Arturo Jauretche,
_c2024
300 _a315 p. :
_bDigital
440 _920784
_aObras Colectivas Sobre Resultados : Avances de Investigación
_v4
520 2 _aEste libro estudia un período particular de un Hospital Público, el Posadas, fundamental en el sistema de salud argentino y de la RMBA especialmente. Lo que allí sucede tendrá siempre impacto en el Sistema Nacional de Salud. En este caso, sirve como excusa además para analizar las innovaciones en la gestión hospitalaria que surgen continuamente a nivel mundial. Formas de gobernanza, sistemas de administración, compras, recuperación de costos, uso de TIC, gestión de redes y relación con APS, medicamentos. Las transformaciones son permanentes y en suma, de gran magnitud y o siempre en nuestro país hemos logrado realizar las mejoras necesarias. En la experiencia 2019-2023 se llevaron adelante en el Posadas reformas como las mencionadas, se puede ver cómo se planificaron y ejecutaron, el mayor o menor apoyo recibido: externo, especialmente del Gobierno e interno; y también los errores cometidos y la forma en que se intentó subsanarlos.
540 _aEsta obra está bajo una Licencia Creative Commons Argentina. Atribución - Compartir Igual 2.5 Argentina (CC BY-SA 2.5 AR)
_uhttps://creativecommons.org/licenses/by-sa/2.5/ar/
650 2 7 _2decs
_95417
_aADMINISTRACION HOSPITALARIA
650 2 7 _2decs
_92088
_aHOSPITALES PUBLICOS
650 2 7 _2decs
_9151
_aSALUD PUBLICA
700 _91833
_aAlvarez, Daniela
700 1 _92051
_aBallina, Fernando Emilio
700 1 _921681
_aGarcía, Julieta
700 1 _921682
_aOrlandi, Gabriel
700 1 _916998
_aRodríguez Díaz, Luciano
700 1 _921683
_aSal Iturrería, Rodrigo
700 1 _920392
_aZamarreño, María Eugenia
700 1 _921684
_aZugbi, Ladislao
830 _920784
_aObras Colectivas Sobre Resultados : Avances de Investigación
_v4
856 _qapplication/pdf
_uhttps://rid.unaj.edu.ar/handle/123456789/3026
942 _2ddc
_cLIBRO DIGI
980 _620072
_a Matías Regueira
_820072
_g Matías Regueira
999 _c11033
_d11033